000 00973nas a2200313 4500
001 BR0704249
003 BR-BrBNA
005 20231205111056.0
007 ta
008 230509b bl.|||p| |||| 00| 00por d
040 _aBR-BrBNA
_bpor
_cBiblioteca Nacional de Agricultura
041 _a(Pt)
072 _aH10; 0120
100 1 _aOliveira, F.H. de
100 1 _aScanavachi, F.A.
100 1 _aFigueiredo, R.A.
100 1 _aCalafiori, M.H.
100 1 _aAndrade, R.C. de
245 1 _aDesenvolvimento da lagarta do cartucho, Spodoptera frugiperda (J.E.Smith,1797)em diferentes variedades de milho (Zea mays L.)e de adubação nitrogenada
650 _aMILHO
650 _aLAGARTA
650 _aPRAGA DE PLANTA
650 _aADUBAÇÃO
650 _aNUTRIENTE
650 _aBIOLOGIA
773 0 _tEcossistema (Brazil)
_xISSN 0100-4107
_g(Jan-Dec 2005), v. 30(1,2) p. 5-9
_wBR0704249
909 _a202311
_bLúcia
_c55
_dLúcia Elande
942 _2AGRIS
_n0
_cANA
999 _c190504
_d190504